Institutional incentives and sustainable development : (Record no. 6018)
[ view plain ]
| 000 -LEADER | |
|---|---|
| fixed length control field | 00924cam a2200241 a 4500 |
| 003 - CONTROL NUMBER IDENTIFIER | |
| control field | OSt |
| 005 - DATE AND TIME OF LATEST TRANSACTION | |
| control field | 20260205115814.0 |
| 008 - FIXED-LENGTH DATA ELEMENTS--GENERAL INFORMATION | |
| fixed length control field | 921216s1993 coua bs 001 0 eng |
| 020 ## - INTERNATIONAL STANDARD BOOK NUMBER | |
| International Standard Book Number | 0813316189 |
| Qualifying information | alk. paper |
| 020 ## - INTERNATIONAL STANDARD BOOK NUMBER | |
| International Standard Book Number | 0813316197 |
| Qualifying information | pbk. : alk. paper |
| 040 ## - CATALOGING SOURCE | |
| Original cataloging agency | KABLIB |
| Transcribing agency | KABLIB |
| Language of cataloging | eng |
| 082 00 - DEWEY DECIMAL CLASSIFICATION NUMBER | |
| Classification number | 338.9 |
| Edition number | 23 |
| Item number | OST |
| 100 1# - MAIN ENTRY--PERSONAL NAME | |
| Personal name | Ostrom, Elinor. |
| 9 (RLIN) | 15199 |
| 245 10 - TITLE STATEMENT | |
| Title | Institutional incentives and sustainable development : |
| Remainder of title | infrastructure policies in perspective / |
| Statement of responsibility, etc. | Elinor Ostrom, Larry Schroeder, Susan Wynne. |
| 260 ## - PUBLICATION, DISTRIBUTION, ETC. | |
| Place of publication, distribution, etc. | Boulder : |
| Name of publisher, distributor, etc. | Westview Press, |
| Date of publication, distribution, etc. | 1993. |
| 300 ## - PHYSICAL DESCRIPTION | |
| Extent | xxi, 266 p. : |
| Other physical details | ill. ; |
| Dimensions | 24 cm. |
| 504 ## - BIBLIOGRAPHY, ETC. NOTE | |
| Bibliography, etc. note | Includes bibliographical references (p. 235-255) and index. |
| 650 #0 - SUBJECT ADDED ENTRY--TOPICAL TERM | |
| Topical term or geographic name entry element | Infrastructure (Economics) |
| Geographic subdivision | Developing countries. |
| 9 (RLIN) | 15200 |
| 650 #0 - SUBJECT ADDED ENTRY--TOPICAL TERM | |
| Topical term or geographic name entry element | Sustainable development |
| Geographic subdivision | Developing countries. |
| 9 (RLIN) | 15201 |
| 700 1# - ADDED ENTRY--PERSONAL NAME | |
| Personal name | Schroeder, Larry D. |
| 9 (RLIN) | 15202 |
| 700 1# - ADDED ENTRY--PERSONAL NAME | |
| Personal name | Wynne, Susan G. |
| 9 (RLIN) | 15203 |
| 942 ## - ADDED ENTRY ELEMENTS (KOHA) | |
| Source of classification or shelving scheme | Dewey Decimal Classification |
| Koha item type | Book |
| Withdrawn status | Lost status | Source of classification or shelving scheme | Damaged status | Not for loan | Home library | Current library | Shelving location | Date acquired | Source of acquisition | Total Checkouts | Full call number | Barcode | Date last seen | Price effective from | Koha item type |
|---|---|---|---|---|---|---|---|---|---|---|---|---|---|---|---|
| Dewey Decimal Classification | Mukombe Library | Mukombe Library | Open Access Section | 05.02.2026 | Donation | 338.9 OST | 14543 | 05.02.2026 | 05.02.2026 | Book |